| 000 | 00647nam a2200193 a 4500 | ||
|---|---|---|---|
| 003 | 0 | ||
| 005 | 20250408093123.0 | ||
| 008 | 071121s19uu xx 00 eng d | ||
| 050 |
_aPHS HG 179 _b.G66 2007 |
||
| 100 | _aGomez, Julio Mario. | ||
| 245 |
_aRelationship between family daily income and expenditures / _cJulio Mario Gomez. |
||
| 260 |
_aLas PiƱas City, Philippines : _bSouthville International School and Colleges, _c2007. |
||
| 300 |
_a37 pages ; _c28 cm. |
||
| 504 | _aIncludes bibliographical references. | ||
| 650 |
_aFamilies _xFinance, Personal. |
||
| 650 | _aIncome. | ||
| 650 |
_aFamily _xEconomic aspects. |
||
| 942 |
_2lcc _cPASS |
||
| 999 |
_c97828 _d97828 |
||